000 00574cam a22002053a 4500
001 40119
003 PGUSA
005 20140828083908.0
008 120701s2012||||xxu|||||s|||||000 | eng d
040 _aPGUSA
_beng
042 _adc
100 1 _aBidwell, Shelford
245 1 0 _aCuriosities of Light and Sight
_h[electronic resource] /
_cShelford Bidwell
260 _bProject Gutenberg,
_c2012
506 _aPublic domain in the USA.
516 _aElectronic text
830 0 _aProject Gutenberg
_v40119
856 4 0 _uhttp://www.gutenberg.org/ebooks/40119
942 _cEB
999 _c269372
_d269372